000 00638nam a2200241 a 4500
001 nice12345678
003 IN_TiNIC
005 20260116012352.0
008 050524s1986 sina grp 000 0 eng
020 _a
_c100
082 0 0 _a270.82
_bPER
100 _aPerkins, Harvey L
245 _aRoots for Vision
_b Reflections on the Gospel and the Churches`task in Re-Peo
260 _aSingapur
_bChristian Conference India
_c1986
300 _a289p
500 _aincludes index and biblioraphy
505 2 _aAppendix
650 _aEcumenicalism
700 1 _aPerkins, Harvey L
902 _bSRS
942 _cBK
999 _c6735
_d6735